[Event "Aarhus Sommer"]
[Site "Aarhus"]
[Date "2010.07.12"]
[Round "3"]
[White "Matthiesen, Arne"]
[Black "Rasmussen, Karsten"]
[Result "1/2-1/2"]
[WhiteElo "2321"]
[BlackElo "2446"]
[PlyCount "121"]
[EventDate "2010.07.10"]
[EventType "tourn"]
[EventRounds "9"]
[EventCountry "DEN"]
[EventCategory "4"]
[SourceTitle "CBM 137 Extra"]
[Source "ChessBase"]
[SourceDate "2010.09.01"]

1. d4 d5 2. c4 e6 3. Nc3 c5 4. cxd5 exd5 5. Nf3 Nc6 6. g3 Nf6 7. Bg2 Be7 8. O-O
O-O 9. Bg5 c4 10. Ne5 Be6 11. b3 Qa5 12. Qd2 Rad8 13. Nxc6 bxc6 14. Rfd1 Bb4
15. Bxf6 gxf6 16. Rdc1 c5 17. bxc4 dxc4 18. d5 Bxc3 19. Qxc3 Qxc3 20. Rxc3 Bxd5
21. Bxd5 Rxd5 22. Rxc4 Rb8 23. Rac1 Rb2 24. a4 Ra2 25. e3 Kg7 26. Rg4+ Kf8 27.
Rf4 Kg7 28. Rb1 Rdd2 29. Rb8 h5 30. Rc8 Rac2 31. Rc6 Rd7 32. a5 c4 33. Rcxc4
Rxc4 34. Rxc4 Rd5 35. a6 Ra5 36. Rc6 Ra4 37. h4 Kg6 38. Kg2 Ra2 39. e4 Kg7 40.
Kf3 Ra4 41. Kf4 Ra2 42. Ke3 Ra3+ 43. Kd4 Ra2 44. Kc5 Rxf2 45. Rc7 f5 46. Rxa7
fxe4 47. Re7 Ra2 48. Kb6 Rb2+ 49. Kc7 Ra2 50. Kb7 Rb2+ 51. Ka8 Rb4 52. a7 Kf6
53. Rb7 Rd4 54. Kb8 Rd8+ 55. Kc7 Ra8 56. Rb6+ Kf5 57. Kb7 Rf8 58. Rc6 e3 59.
Rc8 Rxc8 60. Kxc8 e2 61. a8=Q 1/2-1/2

[Event "Aarhus Sommer"]
[Site "Aarhus"]
[Date "2010.07.10"]
[Round "1"]
[White "Matthiesen, Arne"]
[Black "Gesser, Bella"]
[Result "1-0"]
[WhiteElo "2321"]
[BlackElo "2276"]
[PlyCount "61"]
[EventDate "2010.07.10"]
[EventType "tourn"]
[EventRounds "9"]
[EventCountry "DEN"]
[EventCategory "4"]
[SourceTitle "CBM 137 Extra"]
[Source "ChessBase"]
[SourceDate "2010.09.01"]

1. d4 Nf6 2. Bg5 Ne4 3. Bf4 d5 4. e3 e6 5. Nd2 Nxd2 6. Qxd2 c5 7. dxc5 f6 8. b4
e5 9. Bg3 Be6 10. f4 e4 11. Ne2 Nc6 12. Nd4 Nxd4 13. exd4 Be7 14. Bb5+ Kf7 15.
O-O f5 16. Bf2 a6 17. Be2 h6 18. a4 Qc7 19. Be3 a5 20. b5 b6 21. c4 bxc5 22.
cxd5 Bxd5 23. dxc5 Rhd8 24. Qc2 Rac8 25. c6 Kg8 26. Bc4 Bf6 27. Rad1 Qf7 28.
Rxd5 Rxd5 29. Qb3 Rcd8 30. Bxd5 Rxd5 31. c7 1-0

[Event "Aarhus Sommer"]
[Site "Aarhus"]
[Date "2010.07.16"]
[Round "7"]
[White "Matthiesen, Martin"]
[Black "Berg, Klaus"]
[Result "0-1"]
[WhiteElo "2304"]
[BlackElo "2423"]
[PlyCount "52"]
[EventDate "2010.07.10"]
[EventType "tourn"]
[EventRounds "9"]
[EventCountry "DEN"]
[EventCategory "4"]
[SourceTitle "CBM 137 Extra"]
[Source "ChessBase"]
[SourceDate "2010.09.01"]

1. d4 d5 2. c4 dxc4 3. e3 Nf6 4. Bxc4 e6 5. Nf3 c5 6. O-O a6 7. Bb3 Nc6 8. Qe2
cxd4 9. Rd1 Be7 10. exd4 O-O 11. Nc3 Na5 12. Bc2 b5 13. Ne4 Bb7 14. Nc5 Bd5 15.
Ne5 Nc4 16. Ncd3 Rc8 17. Nf4 Bb7 18. a4 Qc7 19. Bd3 Bd6 20. Ng4 Nxg4 21. Qxg4
f5 22. Qh4 Rf6 23. axb5 axb5 24. d5 Rh6 25. Qg5 Be7 26. Nxe6 Qxh2+ 0-1

[Event "Aarhus Sommer"]
[Site "Aarhus"]
[Date "2010.07.18"]
[Round "9"]
[White "Matthiesen, Martin"]
[Black "Lahlum, Hans Olav"]
[Result "1-0"]
[WhiteElo "2304"]
[BlackElo "2230"]
[PlyCount "61"]
[EventDate "2010.07.10"]
[EventType "tourn"]
[EventRounds "9"]
[EventCountry "DEN"]
[EventCategory "4"]
[SourceTitle "CBM 137 Extra"]
[Source "ChessBase"]
[SourceDate "2010.09.01"]

1. d4 d5 2. c4 c6 3. Nf3 e6 4. e3 Nf6 5. Bd3 dxc4 6. Bxc4 Nbd7 7. Bb3 Bd6 8.
O-O O-O 9. Nbd2 Qe7 10. e4 Bc7 11. e5 Nd5 12. Ne4 f6 13. exf6 gxf6 14. Re1 Re8
15. Nc3 Qd6 16. Re4 Nf8 17. Bxd5 cxd5 18. Rg4+ Ng6 19. Nb5 Qc6 20. Nxc7 Qxc7
21. Nh4 Kf7 22. Rg3 Rg8 23. Qh5 Rg7 24. Bh6 Rg8 25. Bg5 Rg7 26. Rf3 f5 27. Bh6
Qc2 28. Bxg7 Qxb2 29. Rf1 Kxg7 30. Nxg6 hxg6 31. Rg3 1-0

[Event "Aarhus Sommer"]
[Site "Aarhus"]
[Date "2010.07.11"]
[Round "2"]
[White "Matthiesen, Martin"]
[Black "Colovic, Aleksandar"]
[Result "0-1"]
[WhiteElo "2304"]
[BlackElo "2452"]
[PlyCount "71"]
[EventDate "2010.07.10"]
[EventType "tourn"]
[EventRounds "9"]
[EventCountry "DEN"]
[EventCategory "4"]
[SourceTitle "CBM 137 Extra"]
[Source "ChessBase"]
[SourceDate "2010.09.01"]

1. d4 Nf6 2. c4 e6 3. g3 c5 4. d5 exd5 5. cxd5 d6 6. Bg2 g6 7. Nc3 Bg7 8. Nf3
O-O 9. O-O Na6 10. Nd2 Nc7 11. Nc4 b5 12. Na5 b4 13. Nb1 Nfxd5 14. a3 Be6 15.
axb4 cxb4 16. e4 Ne7 17. Nb7 Qb8 18. Qxd6 Qxb7 19. Qxe7 Rfe8 20. Qc5 Qb6 21.
Ra5 Na6 22. Qxb6 axb6 23. Rb5 Bc4 24. Rxb6 Bd4 25. Rb7 Bxf1 26. Bxf1 Rxe4 27.
Bd2 Bxb2 28. Bd3 Rd4 29. Bc2 Rb8 30. Ra7 Nc5 31. Ra2 Ba3 32. Be3 Rd5 33. Nxa3
Ra8 34. Bc1 b3 35. Bxb3 Nxb3 36. Be3 0-1

[Event "Aarhus Sommer"]
[Site "Aarhus"]
[Date "2010.07.14"]
[Round "5"]
[White "Matthiesen, Martin"]
[Black "Skrondal, Inge Sandstad"]
[Result "0-1"]
[WhiteElo "2304"]
[BlackElo "2230"]
[PlyCount "66"]
[EventDate "2010.07.10"]
[EventType "tourn"]
[EventRounds "9"]
[EventCountry "DEN"]
[EventCategory "4"]
[SourceTitle "CBM 137 Extra"]
[Source "ChessBase"]
[SourceDate "2010.09.01"]

1. d4 Nf6 2. c4 e6 3. g3 d5 4. Bg2 dxc4 5. Nf3 a6 6. O-O Nc6 7. Nc3 Rb8 8. e4
Be7 9. Qe2 b5 10. Rd1 O-O 11. Bf4 Re8 12. d5 exd5 13. Nxd5 Nxd5 14. Rxd5 Bd6
15. Rad1 Be6 16. R5d2 Qc8 17. Bxd6 cxd6 18. Rxd6 Bg4 19. Qd2 h6 20. h3 Bxf3 21.
Bxf3 Ne5 22. Be2 Qxh3 23. Rxa6 Ng4 24. Bxg4 Qxg4 25. Qd5 Rxe4 26. Ra7 Qf3 27.
Rf1 Rbe8 28. Qxb5 R8e5 29. Ra3 Qg4 30. Qb8+ Kh7 31. Ra8 Re1 32. Qb4 Rxf1+ 33.
Kxf1 Qe4 0-1

[Event "Aarhus Sommer"]
[Site "Aarhus"]
[Date "2010.07.17"]
[Round "8"]
[White "Rasmussen, Karsten"]
[Black "Gesser, Bella"]
[Result "1-0"]
[WhiteElo "2446"]
[BlackElo "2276"]
[PlyCount "55"]
[EventDate "2010.07.10"]
[EventType "tourn"]
[EventRounds "9"]
[EventCountry "DEN"]
[EventCategory "4"]
[SourceTitle "CBM 137 Extra"]
[Source "ChessBase"]
[SourceDate "2010.09.01"]

1. d4 Nf6 2. c4 g6 3. g3 Bg7 4. Bg2 d6 5. Nc3 O-O 6. e4 e5 7. Nge2 Nc6 8. d5
Nd4 9. O-O Nxe2+ 10. Qxe2 Ne8 11. f4 f5 12. fxe5 Bxe5 13. Bf4 Bg7 14. e5 dxe5
15. Bxe5 Bd7 16. Rfe1 Qe7 17. Bxg7 Qxe2 18. Rxe2 Kxg7 19. c5 Rd8 20. Rae1 Nf6
21. c6 Bc8 22. Nb5 Nxd5 23. Bxd5 Rxd5 24. Nxc7 bxc6 25. Nxd5 cxd5 26. Re7+ Rf7
27. Rxf7+ Kxf7 28. Rc1 1-0

[Event "Aarhus Sommer"]
[Site "Aarhus"]
[Date "2010.07.13"]
[Round "4"]
[White "Rasmussen, Karsten"]
[Black "Matthiesen, Martin"]
[Result "1-0"]
[WhiteElo "2446"]
[BlackElo "2304"]
[PlyCount "129"]
[EventDate "2010.07.10"]
[EventType "tourn"]
[EventRounds "9"]
[EventCountry "DEN"]
[EventCategory "4"]
[SourceTitle "CBM 137 Extra"]
[Source "ChessBase"]
[SourceDate "2010.09.01"]

1. d4 d5 2. c4 e6 3. Nc3 Be7 4. cxd5 exd5 5. Bf4 c6 6. e3 Bf5 7. Nge2 Nd7 8.
Ng3 Bg6 9. Be2 Nb6 10. O-O Nf6 11. Be5 O-O 12. f4 Be4 13. Bxf6 Bxf6 14. Ngxe4
dxe4 15. Nxe4 Re8 16. Qd3 Nd5 17. Rad1 Bh4 18. f5 Bg5 19. Rf3 Nb4 20. Qb1 Nd5
21. Nxg5 Qxg5 22. Rg3 Qh4 23. Qd3 Re7 24. Rf1 Rae8 25. Rg4 Qh6 26. e4 Ne3 27.
e5 Nxg4 28. Bxg4 c5 29. e6 cxd4 30. Qxd4 Qf6 31. Qxf6 gxf6 32. exf7+ Rxf7 33.
Bh5 Re5 34. Bxf7+ Kxf7 35. Rc1 Rb5 36. Rc7+ Ke8 37. b3 h5 38. Rh7 Rxf5 39. Rxb7
a5 40. a4 Rc5 41. Kf2 Rc2+ 42. Kg3 Rb2 43. h4 Kf8 44. Kh3 Rb1 45. g3 Kg8 46.
Rb5 Kg7 47. Rxh5 Rxb3 48. Rxa5 Rb4 49. g4 Rb3+ 50. Kg2 Rb4 51. Kg3 Rb1 52. Rf5
Rg1+ 53. Kf3 Ra1 54. Rf4 Ra3+ 55. Ke2 Kg6 56. Kd2 Rh3 57. a5 Ra3 58. Rf5 Ra4
59. h5+ Kg7 60. Kc3 Rxg4 61. Kb3 Kf7 62. a6 Rg8 63. a7 Ke6 64. Ra5 Ra8 65. Kc4
1-0

[Event "Aarhus Sommer"]
[Site "Aarhus"]
[Date "2010.07.15"]
[Round "6"]
[White "Rasmussen, Karsten"]
[Black "Skrondal, Inge Sandstad"]
[Result "1-0"]
[WhiteElo "2446"]
[BlackElo "2230"]
[PlyCount "73"]
[EventDate "2010.07.10"]
[EventType "tourn"]
[EventRounds "9"]
[EventCountry "DEN"]
[EventCategory "4"]
[SourceTitle "CBM 137 Extra"]
[Source "ChessBase"]
[SourceDate "2010.09.01"]

1. c4 c5 2. Nf3 g6 3. g3 Bg7 4. Bg2 Nc6 5. Nc3 d6 6. O-O e5 7. a3 Nge7 8. Rb1
a5 9. Ne1 Be6 10. d3 O-O 11. Nc2 d5 12. cxd5 Nxd5 13. Bd2 b6 14. Ne3 Nde7 15.
Nb5 Qd7 16. Nc4 Rab8 17. Ncd6 Nd4 18. Nxd4 Qxd6 19. Nxe6 Qxe6 20. Qa4 Rfd8 21.
Rfc1 Nf5 22. Bh3 Rd4 23. b4 Qa2 24. Bc3 axb4 25. Bxd4 Nxd4 26. Bf1 Qxa3 27. Qd7
b3 28. Qc7 Re8 29. Qxb6 Bf8 30. Qb7 Qa2 31. e3 Re7 32. Qd5 Ra7 33. Rd1 c4 34.
exd4 c3 35. Rxb3 c2 36. Rc1 Ra3 37. Rb5 1-0

[Event "Aarhus Sommer"]
[Site "Aarhus"]
[Date "2010.07.11"]
[Round "2"]
[White "Rasmussen, Karsten"]
[Black "Andersen, Jackie"]
[Result "1-0"]
[WhiteElo "2446"]
[BlackElo "2276"]
[PlyCount "55"]
[EventDate "2010.07.10"]
[EventType "tourn"]
[EventRounds "9"]
[EventCountry "DEN"]
[EventCategory "4"]
[SourceTitle "CBM 137 Extra"]
[Source "ChessBase"]
[SourceDate "2010.09.01"]

1. e4 e5 2. Nf3 Nc6 3. Bb5 Nge7 4. Nc3 Ng6 5. d4 exd4 6. Nxd4 Bb4 7. O-O a6 8.
Nxc6 dxc6 9. Bd3 Bxc3 10. bxc3 c5 11. f4 Bd7 12. Qh5 Qe7 13. f5 Ne5 14. Bg5 Qd6
15. Rad1 c4 16. Be2 Qc5+ 17. Kh1 Bc6 18. Rd4 b5 19. Qh4 Nd7 20. Qg3 O-O 21. Bh6
Qe5 22. Bf4 Qe8 23. f6 g6 24. Qg5 h6 25. Qh4 Bxe4 26. Bxh6 Bxg2+ 27. Kxg2 Qxe2+
28. Rf2 1-0

[Event "Aarhus Sommer"]
[Site "Aarhus"]
[Date "2010.07.17"]
[Round "8"]
[White "Rewitz, Poul"]
[Black "Colovic, Aleksandar"]
[Result "1/2-1/2"]
[WhiteElo "2306"]
[BlackElo "2452"]
[PlyCount "38"]
[EventDate "2010.07.10"]
[EventType "tourn"]
[EventRounds "9"]
[EventCountry "DEN"]
[EventCategory "4"]
[SourceTitle "CBM 137 Extra"]
[Source "ChessBase"]
[SourceDate "2010.09.01"]

1. d4 Nf6 2. Nf3 d5 3. c4 e6 4. Nc3 dxc4 5. e3 a6 6. a4 b6 7. Bxc4 Bb7 8. O-O
Bb4 9. Ne5 O-O 10. Qb3 Qe7 11. f3 Nbd7 12. Nd3 Bd6 13. e4 e5 14. Ne2 exd4 15.
Nxd4 Nc5 16. Nf5 Nxb3 17. Nxe7+ Bxe7 18. Bxb3 Rad8 19. Rd1 Nd7 1/2-1/2

[Event "Aarhus Sommer"]
[Site "Aarhus"]
[Date "2010.07.10"]
[Round "1"]
[White "Rewitz, Poul"]
[Black "Matthiesen, Martin"]
[Result "1/2-1/2"]
[WhiteElo "2306"]
[BlackElo "2304"]
[PlyCount "58"]
[EventDate "2010.07.10"]
[EventType "tourn"]
[EventRounds "9"]
[EventCountry "DEN"]
[EventCategory "4"]
[SourceTitle "CBM 137 Extra"]
[Source "ChessBase"]
[SourceDate "2010.09.01"]

1. Nf3 Nf6 2. b3 g6 3. Bb2 Bg7 4. e3 O-O 5. Be2 d5 6. O-O c5 7. Ne5 Nfd7 8. d4
cxd4 9. Nxd7 Bxd7 10. Bxd4 Bxd4 11. Qxd4 Bf5 12. Nc3 Nc6 13. Qxd5 Bxc2 14. Rac1
Qxd5 15. Nxd5 Be4 16. Nc3 Bf5 17. f4 Rfd8 18. Bf3 Rac8 19. g4 Bd7 20. h3 Nb4
21. Bxb7 Rc7 22. Be4 Rdc8 23. Ne2 Nxa2 24. Rxc7 Rxc7 25. Nd4 a5 26. Ra1 Nc3 27.
Bf3 Rc5 28. Kf2 a4 29. bxa4 Nxa4 1/2-1/2

[Event "Aarhus Sommer"]
[Site "Aarhus"]
[Date "2010.07.12"]
[Round "3"]
[White "Rewitz, Poul"]
[Black "Gesser, Bella"]
[Result "1/2-1/2"]
[WhiteElo "2306"]
[BlackElo "2276"]
[PlyCount "82"]
[EventDate "2010.07.10"]
[EventType "tourn"]
[EventRounds "9"]
[EventCountry "DEN"]
[EventCategory "4"]
[SourceTitle "CBM 137 Extra"]
[Source "ChessBase"]
[SourceDate "2010.09.01"]

1. e4 c5 2. b4 cxb4 3. a3 e6 4. axb4 Bxb4 5. c3 Be7 6. d4 d6 7. Bd3 b6 8. Ne2
Bb7 9. Nd2 Nf6 10. O-O O-O 11. f4 Nbd7 12. Rf3 e5 13. Ng3 g6 14. f5 d5 15. Qc2
exd4 16. cxd4 Rc8 17. Qd1 dxe4 18. Ndxe4 Nxe4 19. Bxe4 Bxe4 20. Nxe4 Nf6 21.
Nc3 Rc4 22. Ne2 Qd7 23. Bg5 Kg7 24. Qd3 b5 25. Raf1 h6 26. Bxh6+ Kxh6 27. fxg6
fxg6 28. Rg3 Ng4 29. Rxf8 Bxf8 30. h3 Qf5 31. Qd2+ Kg7 32. Rxg4 Bd6 33. Nf4
Bxf4 34. Rxf4 Qc2 35. Qxc2 Rxc2 36. Rf2 Rc4 37. Ra2 Rc7 38. Kf2 Kf6 39. Ra6+
Kg5 40. Ke3 Rb7 41. Kd3 b4 1/2-1/2

[Event "Aarhus Sommer"]
[Site "Aarhus"]
[Date "2010.07.14"]
[Round "5"]
[White "Rewitz, Poul"]
[Black "Matthiesen, Arne"]
[Result "1-0"]
[WhiteElo "2306"]
[BlackElo "2321"]
[PlyCount "82"]
[EventDate "2010.07.10"]
[EventType "tourn"]
[EventRounds "9"]
[EventCountry "DEN"]
[EventCategory "4"]
[SourceTitle "CBM 137 Extra"]
[Source "ChessBase"]
[SourceDate "2010.09.01"]

1. d4 Nf6 2. Nf3 g6 3. c4 Bg7 4. Nc3 O-O 5. g3 d5 6. Bg2 dxc4 7. O-O c6 8. a4
a5 9. e4 Bg4 10. Be3 e5 11. dxe5 Nfd7 12. Qb1 Nxe5 13. Nxe5 Bxe5 14. Qa2 Na6
15. Qxc4 Be6 16. Qe2 Nb4 17. f4 Bd4 18. Nd5 Bxe3+ 19. Nxe3 Qb6 20. Kh1 Rad8 21.
f5 Rd3 22. Ng4 Bb3 23. Ne5 Rd6 24. Qf3 Nc2 25. Rac1 Nd4 26. Qe3 c5 27. f6 Rxf6
28. Rxf6 Qxf6 29. Nd7 Qd6 30. Nxc5 Bc2 31. Nxb7 Qb4 32. e5 Bxa4 33. Nd6 Qxb2
34. Rf1 Bc6 35. Bxc6 Nxc6 36. e6 Qe5 37. Qxe5 Nxe5 38. e7 Ra8 39. e8=Q+ Rxe8
40. Nxe8 Nc4 41. Rc1 Nb6 1-0

[Event "Aarhus Sommer"]
[Site "Aarhus"]
[Date "2010.07.16"]
[Round "7"]
[White "Rewitz, Poul"]
[Black "Rasmussen, Karsten"]
[Result "1/2-1/2"]
[WhiteElo "2306"]
[BlackElo "2446"]
[PlyCount "142"]
[EventDate "2010.07.10"]
[EventType "tourn"]
[EventRounds "9"]
[EventCountry "DEN"]
[EventCategory "4"]
[SourceTitle "CBM 137 Extra"]
[Source "ChessBase"]
[SourceDate "2010.09.01"]

1. d4 d5 2. Nf3 Nf6 3. e3 c5 4. Bd3 Nc6 5. O-O Bg4 6. c3 e6 7. Nbd2 Bd6 8. e4
cxd4 9. exd5 Nxd5 10. cxd4 O-O 11. Ne4 Bf4 12. Ng3 Qf6 13. h3 Bxf3 14. Qxf3
Bxc1 15. Qxf6 Nxf6 16. Raxc1 Nxd4 17. Rc7 Rab8 18. Ne4 Nd5 19. Rc4 Nc6 20. Bb1
Rfd8 21. Nc5 b5 22. Rh4 h6 23. a3 Ne5 24. Ba2 a5 25. Rd4 Rdc8 26. Na6 Rb6 27.
Bxd5 exd5 28. Rxd5 Nc4 29. Nc5 Nxb2 30. Rb1 Nc4 31. Nd7 Rd6 32. Rxd6 Nxd6 33.
Nb6 Rc6 34. Nd5 Rc5 35. Ne3 Ne4 36. f3 Nc3 37. Rb2 Re5 38. Ng4 Rc5 39. Kf1 f5
40. Ne3 f4 41. Ng4 Nd5 42. Ke2 Nb6 43. Kd3 Nc4 44. Kd4 Rg5 45. Ra2 Nd6 46. Rb2
h5 47. h4 Nf5+ 48. Ke5 Nxh4+ 49. Kxf4 Rf5+ 50. Kg3 Nxg2 51. Rxg2 hxg4 52. Kxg4
Rd5 53. Rc2 Kf7 54. Rc7+ Kf6 55. f4 Rd3 56. Rc6+ Ke7 57. Rb6 Rd5 58. f5 Rd3 59.
Rxb5 Rxa3 60. Rb7+ Kf6 61. Rb6+ Kf7 62. Rb7+ Kg8 63. Ra7 Ra1 64. Kg5 a4 65. Kg6
Rg1+ 66. Kh5 Rh1+ 67. Kg6 Rg1+ 68. Kh5 a3 69. Rxa3 Kf7 70. Ra6 Rg2 71. Rb6 Rg1
1/2-1/2

[Event "Aarhus Sommer"]
[Site "Aarhus"]
[Date "2010.07.18"]
[Round "9"]
[White "Skrondal, Inge Sandstad"]
[Black "Matthiesen, Arne"]
[Result "1/2-1/2"]
[WhiteElo "2230"]
[BlackElo "2321"]
[PlyCount "94"]
[EventDate "2010.07.10"]
[EventType "tourn"]
[EventRounds "9"]
[EventCountry "DEN"]
[EventCategory "4"]
[SourceTitle "CBM 137 Extra"]
[Source "ChessBase"]
[SourceDate "2010.09.01"]

1. d4 Nf6 2. c4 g6 3. Nc3 Bg7 4. e4 d6 5. f4 O-O 6. Nf3 c5 7. d5 e6 8. dxe6
Bxe6 9. Bd3 Bg4 10. O-O Nc6 11. h3 Bxf3 12. Qxf3 Nd4 13. Qf2 Nd7 14. Be3 f5 15.
Rad1 a6 16. Kh1 Kh8 17. exf5 gxf5 18. Bxd4 Bxd4 19. Qc2 Bxc3 20. Qxc3+ Qf6 21.
Rfe1 Qxc3 22. bxc3 Rf7 23. Re6 Nb6 24. Rxd6 Na4 25. Re1 Nxc3 26. a3 b5 27. Ree6
Rfa7 28. Bxf5 bxc4 29. Rc6 Nb5 30. Rxc5 Nxa3 31. Ra5 Nb5 32. Rc6 Rf8 33. g4 Nd4
34. Rxc4 Nxf5 35. gxf5 Rf6 36. Re4 Kg7 37. Re6 Kf7 38. Rxf6+ Kxf6 39. Kg2 Ra8
40. Kg3 Ra7 41. Kg4 Rg7+ 42. Kh5 Ra7 43. Kh6 Rf7 44. h4 Ra7 45. Kh5 Ra8 46. Kh6
Ra7 47. h5 Ra8 1/2-1/2

[Event "Aarhus Sommer"]
[Site "Aarhus"]
[Date "2010.07.11"]
[Round "2"]
[White "Skrondal, Inge Sandstad"]
[Black "Rewitz, Poul"]
[Result "1/2-1/2"]
[WhiteElo "2230"]
[BlackElo "2306"]
[PlyCount "62"]
[EventDate "2010.07.10"]
[EventType "tourn"]
[EventRounds "9"]
[EventCountry "DEN"]
[EventCategory "4"]
[SourceTitle "CBM 137 Extra"]
[Source "ChessBase"]
[SourceDate "2010.09.01"]

1. d4 d5 2. c4 c6 3. Nf3 Nf6 4. Nc3 a6 5. h3 dxc4 6. a4 Bf5 7. e3 Nbd7 8. a5
Bd3 9. Bxd3 cxd3 10. Qxd3 e6 11. Qc4 c5 12. d5 b5 13. axb6 Nxb6 14. Qe2 Nfxd5
15. Rxa6 c4 16. Rxa8 Qxa8 17. Nxd5 Qxd5 18. O-O Be7 19. e4 Qb7 20. b3 O-O 21.
bxc4 Rc8 22. Bg5 Bxg5 23. Nxg5 h6 24. Nf3 Rxc4 25. Rb1 Qc7 26. Qe3 Nd7 27. Ra1
Qc6 28. Re1 Rc3 29. Qd4 Rc4 30. Qe3 Rc3 31. Qd4 Rc4 1/2-1/2

[Event "Aarhus Sommer"]
[Site "Aarhus"]
[Date "2010.07.16"]
[Round "7"]
[White "Skrondal, Inge Sandstad"]
[Black "Gesser, Bella"]
[Result "1/2-1/2"]
[WhiteElo "2230"]
[BlackElo "2276"]
[PlyCount "75"]
[EventDate "2010.07.10"]
[EventType "tourn"]
[EventRounds "9"]
[EventCountry "DEN"]
[EventCategory "4"]
[SourceTitle "CBM 137 Extra"]
[Source "ChessBase"]
[SourceDate "2010.09.01"]

1. d4 g6 2. c4 Bg7 3. e4 d6 4. Nf3 Nf6 5. Nc3 O-O 6. h3 Nbd7 7. Bg5 e5 8. d5 h6
9. Be3 Nc5 10. Qc2 a5 11. O-O-O Qe7 12. Nh2 Ne8 13. g4 Bd7 14. Be2 c6 15. Kb1
Na6 16. Nf1 f5 17. f3 f4 18. Bf2 a4 19. a3 c5 20. Nxa4 Bxa4 21. Qxa4 Nec7 22.
Nd2 Rfb8 23. Kc1 Ne8 24. Nb1 Nac7 25. Qb3 Bf6 26. h4 Bg7 27. Nc3 Bf8 28. Kd2
Qd8 29. Ra1 Be7 30. h5 g5 31. Qc2 Ra7 32. Rhb1 Rba8 33. Qc1 Qd7 34. b4 b6 35.
Bd1 Bd8 36. bxc5 bxc5 37. Kd3 Nf6 38. Be2 1/2-1/2

[Event "Aarhus Sommer"]
[Site "Aarhus"]
[Date "2010.07.13"]
[Round "4"]
[White "Skrondal, Inge Sandstad"]
[Black "Andersen, Jackie"]
[Result "1/2-1/2"]
[WhiteElo "2230"]
[BlackElo "2276"]
[PlyCount "54"]
[EventDate "2010.07.10"]
[EventType "tourn"]
[EventRounds "9"]
[EventCountry "DEN"]
[EventCategory "4"]
[SourceTitle "CBM 137 Extra"]
[Source "ChessBase"]
[SourceDate "2010.09.01"]

1. d4 g6 2. c4 Bg7 3. e4 d6 4. Nf3 Nd7 5. Nc3 e5 6. Be2 Ngf6 7. O-O O-O 8. Be3
h6 9. h3 exd4 10. Bxd4 Re8 11. Nd2 Nc5 12. Bf3 Ne6 13. Be3 Nh7 14. Rc1 Be5 15.
Bxh6 Qh4 16. Be3 Nf4 17. Bg4 Ng5 18. Bxf4 Bxf4 19. Bxc8 Raxc8 20. Nd5 Bxd2 21.
Qxd2 Nxe4 22. Qf4 Qxf4 23. Nxf4 g5 24. Nd5 c6 25. Ne3 Re6 26. Rfd1 Rce8 27. Nf5
Rd8 1/2-1/2